LEADER 00799naa a2200217 u 4500 001 000000103242 003 CaOOAMICUS 005 20070226130215.0 008 061103s1972 gw u000 u ger u 020 $a3-11-003928-1 035 $a11105260 040 $aIAR$bita 100 1 $aGigon, Olof Alfred,$d1912-$0(OLS)http://pul/name/631 245 10$aProbleme der römischen Religionsgeschichte /$cOlof Gigon. 260 $aBerlin :$bde Gruyter,$c1972. 300 $aS. 295-304 ;$c24 cm 500 $aIAR: CFA.157 773 0 $aGigon, Olof Alfred.$tStudien zur antiken Philosophie$w()566 996 $6020$a3-11-003928-1$9(OLS)http://pul/number/709 996 $6245$aProbleme der römischen Religionsgeschichte$9(OLS)http://pul/title/130149 996 $6260$aBerlin :$bde Gruyter$9(OLS)http://pul/publisher/48196 LEADER 01209nam a2200289 u 4500 001 000000050324 003 CaOOAMICUS 005 20070226115217.0 008 000731s1985 gw u000 u ger u 020 $a3429006503 035 $a10853265 040 $aPUL(R)$bita 100 1 $aDommershausen, Werner.$0(OLS)http://pul/name/25759 245 10$aEster /$cWerner Dommershausen. 250 $a2. unverändete Aufl. 260 $aWüzburg :$bEchter Verlag,$c1985. 300 $a31 p. ;$c19 cm 490 1 $aDie neue echeter Bibel : Kommentar zum Alten Testament mir der Einheitsübersetzung 630 04$aBiblia.$pV.T.$pEsther$xCommenti.$0(OLS)http://pul/subject/17198 830 4$aDie neue echeter Bibel : Kommentar zum Alten Testament mir der Einheitsübersetzung.$0(OLS)http://pul/title/67713 850 $aPUL 852 $aPUL$W1$xDP1 Fondo Ciprotti$y59$m1534 B 24$j66736$nBK-PRI$b $qFondi$B66736$CPULBib$Z2$F66736 $H $81 941 1 $a1 961 $aINV: 0487. Fondo Ciprotti 996 $6020$a3429006503$9(OLS)http://pul/number/63689 996 $6245$aEster$9(OLS)http://pul/title/67733 996 $6260$aWüzburg :$bEchter Verlag$9(OLS)http://pul/publisher/67652